000 01282cam a2200217 4500
001 J122479
008 030530n2003 000 0 eng u
035 _a(Sirsi) u122479
041 _aeng
050 _a333.332
_c18
110 _aUnited Kingdom
_bOffice of the Deputy Prime Minister
245 _aBuyers and sellers perspectives of home information packs in low demand low value housing markets
260 _aLondon
_bODPM
_c2003
520 _aUses the low value housing markets in Bradford and Burnley as case studies to examine the likely impact of home information packs (HIPs) on the low value market as a whole. The report concludes that the pack could be used to overcome distrust between buyers and sellers, creating a better functioning market. The report forms a part of the OPDM home buying and selling policy website which outlines the development of the Housing Bill and HIPs. View at www.dclg.gov.uk.
650 _aHOME INFORMATION PACKS
650 _aPROPERTY-RESIDENTIAL PROPERTY-ACQUISITION AND DISPOSAL OF RESIDENTIAL PROPERTY
650 _aLOW VALUE PROPERTY
690 _aPROPERTY-RESIDENTIAL PROPERTY-RESIDENTIAL PROPERTY MARKET
856 _uhttps://www.communities.gov.uk/index.asp?id=1151197
_vView the report on the DCLG website...
942 _n0
999 _c102854
_d102854